Anamuya: Patrimonio aborigen del este de República Dominicana.

Na minha lista:
Detalhes bibliográficos
Autor principal: Tavarez María, Clenis (autora)
Formato: Livro
Publicado em: Santo Domingo, República Dominicana: Instituto Panamericano de Geografía e Historia, Sección Nacional Dominicana, 2023.
Edição:Primera edición
Assuntos:
Tags: Adicionar Tag
Sem tags, seja o primeiro a adicionar uma tag!

MARC

LEADER 00000nam a22000007a 4500
003 CL-VaPUC
005 20240124091447.0
008 231010t2023 ||||| |||| 00| 0 eng d
999 |c 442014  |d 442012 
020 |a 978-9945-9174-2-0 
040 |c Pontificia Universidad Católica de Valparaíso 
082 0 4 |2 22  |a 306 TAV 2023 
100 1 |a Tavarez María, Clenis  |e autora  |9 884985 
245 1 0 |a Anamuya: Patrimonio aborigen del este de República Dominicana. 
250 |a Primera edición 
260 |a Santo Domingo, República Dominicana:   |b Instituto Panamericano de Geografía e Historia, Sección Nacional Dominicana,   |c 2023. 
300 |a 178 páginas. 
500 |a c.1 Donación Instituto de Geografía. Memo DIRGEO N° 030/2023 
583 |c 20231010  |k Catalogador Asistente 
650 1 |a Patrimonio cultural  |z República Dominicana  |9 885024 
650 1 |a Arte rupestre  |x Sitios arqueológicos  |z República Dominicana  |9 885025 
650 1 0 |a Antropología cultural   |9 269905 
942 |2 ddc  |c BK 
952 |0 0  |1 0  |2 ddc  |4 0  |6 306_000000000000000_TAV_2023  |7 0  |8 A  |9 591909  |a BIBING  |b BIBING  |c GEN  |d 2023-10-10  |e Donación  |i 5659017  |o 306 TAV 2023  |p 5659017  |r 2025-01-20  |t 1  |w 2023-10-10  |y BK  |k GEO